00973nam a2200289Ia 450000500170000000800410001702000180005810000260007624500620010225000180016430000250018249000270020750000320023465000500026665000460031665000440036265000470040670000380045394200150049126400280050633600270053433700330056133800280059404000350062208400110065799900150066820220317001328.0161108s9999 xx g 000 0 spa  a97884891635531 aHomerodSiglo IX a.c.10aIlíadacHomero ; traducción Luis Segalá y Estalella a8a. edición a444 páginasc19 cm aClásicos universales aIncluye índice de nombres142LEMBaPoesía épica griega ySiglo IX a.c.142LEMB aPoesía narrativa ySiglo IX a.c.142LEMBaLiteratura griega ySiglo IX a.c.142LEMBaLiteratura clásica ySiglo IX a.c.1 aSegalá y Estalella, Luis970782 2loccBKLIT aMadridbJorge A. Mestas atextobtxt2rdacontent asin mediaciónbn2rdamedia avolumenbnc2rdacarrier aCO-BoRNBPbspaerdacCO-BoRNBP aP HOM1 c6634d6634